Städte, die mit "m" enden - Statistiken

Allgemein
  • Dieses Quiz wurde 63 mal gespielt
    49 seit der letzten Aktualisierung
  • Das Durchschnittsergebnis liegt bei 3 aus 7
Antwortstatistiken
Hint Antwort % Korrekt
320.000 Mannheim
74%
360.000 Bochum
59%
180.000 Hamm
56%
180.000 Potsdam
56%
130.000 Ulm
41%
170.000 Mülheim
31%
130.000 Pforzheim
31%
Keine übereinstimmenden Quizze gefunden
Verteilung der Resultate
Anzahl Personen mit jedem Resultat
Perzentil nach korrekt beantworteten Fragen
Ihre Resultats-Entwicklung
Sie haben dieses Quiz seit der letzten Aktualisierung nicht gespielt